| 000 | 00342 a2200145 4500 | ||
|---|---|---|---|
| 001 | 156807 | ||
| 040 | _cEscola São Tomás de Aquino | ||
| 100 | _aESCOLA SANTO TOMÁS DE AQUINO | ||
| 240 | 1 | 0 |
_aEscritores da ESTA 2018 _lpor |
| 245 | 1 | 0 | _aEscritores da ESTA 2018 |
| 300 | _a136 p. | ||
| 362 | 0 | _a2018 | |
| 697 | _aEducação | ||
| 942 | _cBK | ||
| 999 |
_c156807 _d156807 |
||